[Event "Bayamo"]
[Site "Bayamo"]
[Date "1983.??.??"]
[Round "?"]
[White "Hernandez Onna, Roman"]
[Black "Rivas Pastor, Manuel"]
[Result "1/2-1/2"]
[WhiteElo "2435"]
[BlackElo "2465"]
[PlyCount "21"]
[EventDate "1983.03.??"]
[EventType "tourn"]
[EventRounds "13"]
[EventCountry "CUB"]
[EventCategory "8"]
[SourceTitle "MCD"]
[Source "ChessBase"]
[SourceDate "1999.07.01"]

1. d4 d5 2. Nf3 Bf5 3. Bf4 e6 4. e3 Nf6 5. Bd3 Bxd3 6. Qxd3 Nbd7 7. Nbd2 Bd6 8.
Bxd6 cxd6 9. O-O O-O 10. c3 Qb6 11. Rab1 1/2-1/2

[Event "Bayamo"]
[Site "Bayamo"]
[Date "1983.??.??"]
[Round "?"]
[White "Hernandez Onna, Roman"]
[Black "Vilela de Acuna, Jose Luis"]
[Result "1/2-1/2"]
[WhiteElo "2435"]
[BlackElo "2440"]
[PlyCount "82"]
[EventDate "1983.03.??"]
[EventType "tourn"]
[EventRounds "13"]
[EventCountry "CUB"]
[EventCategory "8"]
[SourceTitle "MCD"]
[Source "ChessBase"]
[SourceDate "1999.07.01"]

1. d4 Nf6 2. Nf3 e6 3. c4 c5 4. e3 d5 5. cxd5 exd5 6. Be2 Nc6 7. O-O cxd4 8.
Nxd4 Bd6 9. Nc3 O-O 10. Bf3 Be5 11. Nde2 Bg4 12. Ng3 Bxf3 13. gxf3 d4 14. exd4
Bxd4 15. Be3 Re8 16. Bxd4 Nxd4 17. Nce4 Qb6 18. Re1 Red8 19. Qd3 Nd5 20. Ng5
Nf6 21. Nh5 Ne2+ 22. Qxe2 Nxh5 23. Qe7 Qg6 24. Rad1 Rf8 25. Kh1 h6 26. Ne4 Qf5
27. Re3 Nf4 28. Qh4 Kh7 29. Nd6 Qc2 30. Rg1 Ng6 31. Qe4 Qxf2 32. Nxf7 Rxf7 33.
Rxg6 Kh8 34. Rg2 Qf1+ 35. Rg1 Qa6 36. Ra3 Qf6 37. Rb3 Re7 38. Qd5 Rf8 39. Rxb7
Rxb7 40. Qxb7 Qxf3+ 41. Qxf3 Rxf3 1/2-1/2

[Event "Bayamo"]
[Site "Bayamo"]
[Date "1983.??.??"]
[Round "?"]
[White "Lebredo Zarragoitia, Gerardo"]
[Black "Hernandez Onna, Roman"]
[Result "1-0"]
[WhiteElo "2350"]
[BlackElo "2435"]
[PlyCount "79"]
[EventDate "1983.03.??"]
[EventType "tourn"]
[EventRounds "13"]
[EventCountry "CUB"]
[EventCategory "8"]
[SourceTitle "MCD"]
[Source "ChessBase"]
[SourceDate "1999.07.01"]

1. d4 Nf6 2. g3 g6 3. Bg2 Bg7 4. e4 d6 5. Nc3 O-O 6. Nge2 c6 7. O-O e5 8. h3
Qe7 9. Re1 Na6 10. Be3 Be6 11. Qd2 Rfe8 12. Rad1 Nc7 13. Bh6 Bh8 14. d5 cxd5
15. exd5 Bd7 16. g4 Nb5 17. Nxb5 Bxb5 18. Ng3 Rac8 19. b3 Ba6 20. a4 Bg7 21. c4
b6 22. Bxg7 Kxg7 23. Qg5 Kh8 24. f4 Rcd8 25. fxe5 dxe5 26. Rf1 Ng8 27. Qxe7
Rxe7 28. Ne4 Kg7 29. Rf2 h6 30. c5 bxc5 31. Nxc5 Rd6 32. Ne4 Rd8 33. d6 Red7
34. Rfd2 Rc8 35. b4 Rc4 36. Nc5 Bc8 37. Nxd7 Bxd7 38. b5 Rxa4 39. Bc6 Nf6 40.
Rf2 1-0

[Event "Bayamo"]
[Site "Bayamo"]
[Date "1983.??.??"]
[Round "?"]
[White "Rodriguez Cordoba, Jesus R"]
[Black "Hernandez Onna, Roman"]
[Result "0-1"]
[WhiteElo "2355"]
[BlackElo "2435"]
[PlyCount "85"]
[EventDate "1983.03.??"]
[EventType "tourn"]
[EventRounds "13"]
[EventCountry "CUB"]
[EventCategory "8"]
[SourceTitle "MCD"]
[Source "ChessBase"]
[SourceDate "1999.07.01"]

1. e4 c5 2. Nf3 Nc6 3. d4 cxd4 4. Nxd4 g6 5. Nc3 Bg7 6. Nb3 d6 7. Be2 Nf6 8.
O-O O-O 9. Kh1 Be6 10. f4 Qc8 11. Bf3 Bc4 12. Re1 Re8 13. Be3 e5 14. Nd5 exf4
15. Bxf4 Nxd5 16. exd5 Ne5 17. Nd2 Ba6 18. Bg5 f6 19. Bh4 Qd7 20. Be2 Bxe2 21.
Qxe2 Rf8 22. Nf3 Nxf3 23. Qxf3 f5 24. Re7 Qa4 25. Bg3 f4 26. Bf2 Qxc2 27. Rxb7
Rab8 28. Rxb8 Rxb8 29. Bxa7 Rxb2 30. Bg1 Be5 31. Re1 Rxa2 32. Qh3 Qf5 33. Qxf5
gxf5 34. Rd1 Kg7 35. h3 Kf6 36. Bh2 f3 37. Bxe5+ Kxe5 38. gxf3 Kf4 39. Rg1 Rd2
40. Rg7 h5 41. h4 Kxf3 42. Rg5 Rxd5 43. Rxh5 0-1

[Event "Barcelona"]
[Site "Barcelona"]
[Date "1984.??.??"]
[Round "?"]
[White "Hernandez Onna, Roman"]
[Black "Chekhov, Valery A"]
[Result "0-1"]
[WhiteElo "2460"]
[BlackElo "2535"]
[PlyCount "82"]
[EventDate "1984.??.??"]
[EventType "tourn"]
[EventRounds "11"]
[EventCountry "ESP"]
[SourceTitle "EXT 1999"]
[Source "ChessBase"]
[SourceDate "1998.11.16"]

1. c4 e5 2. Nc3 Bb4 3. Nf3 Bxc3 4. dxc3 Nc6 5. e4 d6 6. Bd3 Nge7 7. Nd2 Ng6 8.
g3 O-O 9. h4 Nge7 10. h5 h6 11. g4 Qd7 12. Rg1 f6 13. Nf1 Nd8 14. Ne3 Ne6 15.
Nf5 Ng5 16. Rg3 Nxf5 17. gxf5 Qf7 18. Qe2 Kh8 19. Be3 b6 20. Kf1 Bb7 21. Bd2
Rad8 22. a4 c6 23. a5 b5 24. a6 Ba8 25. cxb5 cxb5 26. Bb1 d5 27. Bxg5 fxg5 28.
Ba2 Qe8 29. exd5 Bxd5 30. Bxd5 Rxd5 31. Rd1 Qc6 32. Rxd5 Qxd5 33. Qd3 Qh1+ 34.
Rg1 Qxh5 35. Qe4 Qh3+ 36. Ke2 Qxf5 37. Qxf5 Rxf5 38. Ra1 Rf6 39. Ra5 Rb6 40.
Kf3 Kh7 41. Ke4 h5 0-1

[Event "Barcelona"]
[Site "Barcelona"]
[Date "1984.??.??"]
[Round "?"]
[White "Hernandez Onna, Roman"]
[Black "Pisa Ferrer, Jose"]
[Result "1-0"]
[WhiteElo "2460"]
[BlackElo "2310"]
[PlyCount "77"]
[EventDate "1984.??.??"]
[EventType "tourn"]
[EventRounds "11"]
[EventCountry "ESP"]
[SourceTitle "EXT 1999"]
[Source "ChessBase"]
[SourceDate "1998.11.16"]

1. d4 e6 2. c4 d5 3. Nf3 Be7 4. Nc3 Nf6 5. Bg5 h6 6. Bh4 O-O 7. e3 b6 8. Be2
Bb7 9. Bxf6 Bxf6 10. cxd5 exd5 11. Qb3 Re8 12. O-O c6 13. Rfd1 Bc8 14. Rd2 Bf5
15. Rc1 Qd6 16. Ne1 Nd7 17. Qd1 Bg5 18. Bd3 Be6 19. f4 Bxf4 20. exf4 Qxf4 21.
Rf2 Qd6 22. Qd2 Rac8 23. Qf4 Qe7 24. Nc2 Nf8 25. Re1 Qb7 26. Re3 Qc7 27. Qh4
Qd6 28. Rg3 Bd7 29. Rf6 Re6 30. Rxe6 Bxe6 31. Ne2 c5 32. Nf4 Bd7 33. Ne3 Ne6
34. Nxe6 Bxe6 35. Qxh6 g6 36. Bxg6 fxg6 37. Rxg6+ Kf7 38. Rf6+ Ke7 39. Nf5+ 1-0

[Event "Barcelona"]
[Site "Barcelona"]
[Date "1984.??.??"]
[Round "?"]
[White "Kupreichik, Viktor D"]
[Black "Hernandez Onna, Roman"]
[Result "1/2-1/2"]
[WhiteElo "2480"]
[BlackElo "2460"]
[PlyCount "65"]
[EventDate "1984.??.??"]
[EventType "tourn"]
[EventRounds "11"]
[EventCountry "ESP"]
[SourceTitle "EXT 1999"]
[Source "ChessBase"]
[SourceDate "1998.11.16"]

1. e4 e5 2. Nf3 Nc6 3. Bb5 a6 4. Ba4 Nf6 5. O-O Be7 6. Re1 b5 7. Bb3 d6 8. a4
Bg4 9. c3 O-O 10. d3 Na5 11. Bc2 c5 12. Nbd2 Qb6 13. h3 Bd7 14. Nf1 Rfb8 15. d4
cxd4 16. cxd4 exd4 17. Nxd4 bxa4 18. Bxa4 Bxa4 19. Rxa4 Nc6 20. Be3 Nxd4 21.
Bxd4 Qb3 22. Qxb3 Rxb3 23. Rea1 Nxe4 24. Rxa6 Rxa6 25. Rxa6 Rb4 26. Bc3 Nxc3
27. bxc3 Rc4 28. Ra3 g6 29. Nd2 Rc8 30. Ra7 Bf6 31. c4 Bc3 32. Ne4 Be5 33. Nd2
1/2-1/2

[Event "CUB-ch"]
[Site "Cuba"]
[Date "1984.??.??"]
[Round "2"]
[White "Hernandez Onna, Roman"]
[Black "Sieiro Gonzalez, Luis"]
[Result "0-1"]
[WhiteElo "2460"]
[BlackElo "2355"]
[PlyCount "88"]
[EventDate "1984.??.??"]
[EventType "tourn"]
[EventRounds "11"]
[EventCountry "CUB"]
[EventCategory "7"]
[SourceTitle "MCL"]
[Source "ChessBase"]
[SourceDate "1999.07.01"]

1. d4 d5 2. Nf3 e6 3. c4 c5 4. cxd5 exd5 5. g3 Nc6 6. Bg2 Nf6 7. O-O Be7 8. Nc3
O-O 9. dxc5 Bxc5 10. b3 Re8 11. Bb2 Bg4 12. h3 Be6 13. e3 Bf8 14. Ne2 Ne4 15.
Nfd4 Nxd4 16. Qxd4 f6 17. Rfc1 Bf7 18. Rc2 b6 19. Qd1 Qd7 20. Rac1 Bc5 21. Bd4
Ba3 22. Bb2 Bc5 23. Bd4 Ba3 24. Bb2 Bc5 25. Nf4 Rad8 26. Bd4 Bd6 27. h4 Bxf4
28. exf4 Rc8 29. g4 Rxc2 30. Rxc2 Rc8 31. g5 Rxc2 32. Qxc2 Qf5 33. Qc7 h6 34.
Qb8+ Kh7 35. gxh6 Kxh6 36. Qxa7 Bh5 37. Qxb6 Nd2 38. f3 Nxf3+ 39. Bxf3 Bxf3 40.
Kf2 Qe4 41. Be3 Bg4 42. f5+ Kh7 43. Qd4 Qf3+ 44. Kg1 Bh3 0-1

[Event "CUB-ch"]
[Site "Cuba"]
[Date "1984.??.??"]
[Round "4"]
[White "Hernandez Onna, Roman"]
[Black "Nogueiras Santiago, Jesus"]
[Result "1/2-1/2"]
[WhiteElo "2460"]
[BlackElo "2470"]
[PlyCount "55"]
[EventDate "1984.??.??"]
[EventType "tourn"]
[EventRounds "11"]
[EventCountry "CUB"]
[EventCategory "7"]
[SourceTitle "MCL"]
[Source "ChessBase"]
[SourceDate "1999.07.01"]

1. d4 Nf6 2. Nf3 e6 3. c4 d5 4. e3 c5 5. cxd5 exd5 6. Be2 Nc6 7. O-O cxd4 8.
Nxd4 Bc5 9. Nc3 O-O 10. Nf3 a6 11. b3 Qd6 12. Bb2 Re8 13. Rc1 Ba7 14. Rc2 Bg4
15. Rd2 Rad8 16. Nd4 Bb8 17. g3 Bh3 18. Re1 Nxd4 19. Rxd4 Ba7 20. Rh4 Qe6 21.
Bf1 Bg4 22. Be2 h5 23. Bxg4 Nxg4 24. Ne2 Nxf2 25. Kxf2 Qxe3+ 26. Kg2 Qf2+ 27.
Kh3 Qf5+ 28. Kg2 1/2-1/2

[Event "CUB-ch"]
[Site "Cuba"]
[Date "1984.??.??"]
[Round "5"]
[White "Diaz, Joaquin Carlos"]
[Black "Hernandez Onna, Roman"]
[Result "1/2-1/2"]
[WhiteElo "2405"]
[BlackElo "2460"]
[PlyCount "34"]
[EventDate "1984.??.??"]
[EventType "tourn"]
[EventRounds "11"]
[EventCountry "CUB"]
[EventCategory "7"]
[SourceTitle "MCL"]
[Source "ChessBase"]
[SourceDate "1999.07.01"]

1. e4 e5 2. Nf3 Nf6 3. Nxe5 d6 4. Nf3 Nxe4 5. Qe2 Qe7 6. d3 Nf6 7. Bg5 Qxe2+ 8.
Bxe2 Be7 9. Nc3 Bd7 10. O-O O-O 11. Rfe1 Nc6 12. h3 Rfe8 13. a3 h6 14. Bd2 a6
15. Bf1 Bf8 16. g3 Rxe1 17. Rxe1 Re8 1/2-1/2

[Event "CUB-ch"]
[Site "Cuba"]
[Date "1984.??.??"]
[Round "9"]
[White "Rodriguez Cespedes, Amador"]
[Black "Hernandez Onna, Roman"]
[Result "1-0"]
[WhiteElo "2445"]
[BlackElo "2460"]
[PlyCount "81"]
[EventDate "1984.??.??"]
[EventType "tourn"]
[EventRounds "11"]
[EventCountry "CUB"]
[EventCategory "7"]
[SourceTitle "MCL"]
[Source "ChessBase"]
[SourceDate "1999.07.01"]

1. e4 c5 2. Nf3 Nc6 3. d4 cxd4 4. Nxd4 g6 5. c4 Bg7 6. Be3 Nf6 7. Nc3 Ng4 8.
Qxg4 Nxd4 9. Qd1 Ne6 10. Rc1 Qa5 11. Qd2 b6 12. Be2 Bb7 13. f3 f5 14. exf5 gxf5
15. O-O Rg8 16. Rfd1 d6 17. Nd5 Qxd2 18. Rxd2 Be5 19. Re1 f4 20. Bf2 Kf7 21.
Kh1 Rg6 22. Bd3 Rh6 23. Be4 Rg8 24. Nxe7 Kxe7 25. Bxb7 Rg5 26. Bc8 Rgh5 27. Bg1
Bg7 28. Rd5 Re5 29. Rdxe5 Bxe5 30. b3 Rf6 31. Bf2 Rf8 32. Bxe6 Kxe6 33. Kg1 Kd7
34. Re4 Rf5 35. Bd4 Bxd4+ 36. Rxd4 Kc6 37. Kf2 Kc5 38. Re4 Kb4 39. g3 fxg3+ 40.
Kxg3 Kc3 41. f4 1-0

[Event "CUB-ch"]
[Site "Cuba"]
[Date "1984.??.??"]
[Round "10"]
[White "Hernandez Onna, Roman"]
[Black "Estevez Morales, Guillermo"]
[Result "1/2-1/2"]
[WhiteElo "2460"]
[BlackElo "2430"]
[PlyCount "65"]
[EventDate "1984.??.??"]
[EventType "tourn"]
[EventRounds "11"]
[EventCountry "CUB"]
[EventCategory "7"]
[SourceTitle "MCL"]
[Source "ChessBase"]
[SourceDate "1999.07.01"]

1. d4 Nf6 2. Nf3 e6 3. c4 c5 4. e3 d5 5. Nc3 Nc6 6. a3 a6 7. cxd5 exd5 8. Be2
cxd4 9. Nxd4 Bd6 10. O-O O-O 11. Bf3 Be5 12. Nce2 Qd6 13. h3 Ne4 14. Nxc6 Qxc6
15. Nf4 Be6 16. Nxe6 Qxe6 17. Rb1 Rfd8 18. Bd2 Qf6 19. Qe2 a5 20. Rfd1 Bxb2 21.
Bxa5 Rxa5 22. Bxe4 Bxa3 23. Qd3 g6 24. Rxb7 Bf8 25. Bf3 Ra3 26. Qb5 Ra1 27.
Rxa1 Qxa1+ 28. Kh2 Qf6 29. Qe2 h5 30. g3 h4 31. Bg2 hxg3+ 32. fxg3 d4 33. exd4
1/2-1/2

[Event "Bayamo"]
[Site "Bayamo"]
[Date "1984.??.??"]
[Round "?"]
[White "Hernandez Onna, Roman"]
[Black "Zapata, Alonso"]
[Result "1/2-1/2"]
[WhiteElo "2460"]
[BlackElo "2470"]
[PlyCount "22"]
[EventDate "1984.02.??"]
[EventType "tourn"]
[EventRounds "13"]
[EventCountry "CUB"]
[EventCategory "8"]
[SourceTitle "MCL"]
[Source "ChessBase"]
[SourceDate "1999.07.01"]

1. d4 Nf6 2. Nf3 d6 3. c4 Nbd7 4. Nc3 e5 5. e4 Be7 6. Be2 O-O 7. O-O c6 8. b3
Re8 9. Bb2 a6 10. Qc2 Qc7 11. h3 Bf8 1/2-1/2

[Event "Bayamo"]
[Site "Bayamo"]
[Date "1984.??.??"]
[Round "?"]
[White "Lebredo Zarragoitia, Gerardo"]
[Black "Hernandez Onna, Roman"]
[Result "1/2-1/2"]
[WhiteElo "2375"]
[BlackElo "2460"]
[PlyCount "38"]
[EventDate "1984.02.??"]
[EventType "tourn"]
[EventRounds "13"]
[EventCountry "CUB"]
[EventCategory "8"]
[SourceTitle "MCL"]
[Source "ChessBase"]
[SourceDate "1999.07.01"]

1. e4 c5 2. Nc3 Nc6 3. g3 g6 4. Bg2 Bg7 5. d3 d6 6. Be3 b5 7. e5 Qd7 8. exd6
exd6 9. Bf4 Nge7 10. Nxb5 O-O 11. Nxd6 Bxb2 12. Rb1 Qe6+ 13. Ne2 Bc3+ 14. Kf1
Bg7 15. Nb5 Qxa2 16. Nec3 Qe6 17. Ne4 Qa2 18. Nec3 Qe6 19. Ne4 Qa2 1/2-1/2

[Event "Bayamo"]
[Site "Bayamo"]
[Date "1984.??.??"]
[Round "?"]
[White "Mateo, Ramon"]
[Black "Hernandez Onna, Roman"]
[Result "1/2-1/2"]
[WhiteElo "2410"]
[BlackElo "2460"]
[PlyCount "22"]
[EventDate "1984.02.??"]
[EventType "tourn"]
[EventRounds "13"]
[EventCountry "CUB"]
[EventCategory "8"]
[SourceTitle "MCL"]
[Source "ChessBase"]
[SourceDate "1999.07.01"]

1. d4 d5 2. c4 c6 3. Nc3 Nf6 4. Nf3 g6 5. g3 Bg7 6. Bg2 O-O 7. O-O Be6 8. cxd5
Nxd5 9. e4 Nxc3 10. bxc3 Nd7 11. Re1 Nb6 1/2-1/2

[Event "Bayamo"]
[Site "Bayamo"]
[Date "1984.??.??"]
[Round "?"]
[White "Rodriguez Cespedes, Amador"]
[Black "Hernandez Onna, Roman"]
[Result "0-1"]
[WhiteElo "2445"]
[BlackElo "2460"]
[PlyCount "58"]
[EventDate "1984.02.??"]
[EventType "tourn"]
[EventRounds "13"]
[EventCountry "CUB"]
[EventCategory "8"]
[SourceTitle "MCL"]
[Source "ChessBase"]
[SourceDate "1999.07.01"]

1. e4 c5 2. Nf3 Nc6 3. d4 cxd4 4. Nxd4 g6 5. Nc3 Bg7 6. Be3 Nf6 7. Bc4 O-O 8.
Bb3 d6 9. f3 Bd7 10. Qd2 Rc8 11. h4 h5 12. O-O-O Ne5 13. Bg5 Rc5 14. g4 hxg4
15. f4 Nc4 16. Qd3 b5 17. h5 Nxh5 18. f5 Bxd4 19. Qxd4 e5 20. Bxd8 exd4 21. Be7
dxc3 22. Bxd6 cxb2+ 23. Kb1 Nxd6 24. Rxd6 Kg7 25. Rxd7 Nf6 26. Rxa7 Nxe4 27.
fxg6 Nd2+ 28. Kxb2 Nxb3 29. axb3 Kxg6 0-1

[Event "Bayamo"]
[Site "Bayamo"]
[Date "1985.??.??"]
[Round "3"]
[White "Knezevic, Milorad"]
[Black "Hernandez Onna, Roman"]
[Result "1/2-1/2"]
[WhiteElo "2405"]
[BlackElo "2440"]
[PlyCount "29"]
[EventDate "1985.??.??"]
[EventType "tourn"]
[EventRounds "11"]
[EventCountry "CUB"]
[EventCategory "7"]
[SourceTitle "MCL"]
[Source "ChessBase"]
[SourceDate "1999.07.01"]

1. d4 d5 2. c4 c6 3. e3 Nf6 4. Nf3 Bf5 5. Nc3 e6 6. Bd3 Bxd3 7. Qxd3 Bd6 8. O-O
Nbd7 9. b3 O-O 10. Bb2 Re8 11. Rad1 Qa5 12. h3 Ba3 13. Bxa3 Qxa3 14. Rfe1 h6
15. Re2 1/2-1/2

[Event "Bayamo"]
[Site "Bayamo"]
[Date "1985.??.??"]
[Round "4"]
[White "Hernandez Onna, Roman"]
[Black "Huerta, Ramon"]
[Result "1/2-1/2"]
[WhiteElo "2440"]
[BlackElo "2440"]
[PlyCount "38"]
[EventDate "1985.??.??"]
[EventType "tourn"]
[EventRounds "11"]
[EventCountry "CUB"]
[EventCategory "7"]
[SourceTitle "MCL"]
[Source "ChessBase"]
[SourceDate "1999.07.01"]

1. d4 d5 2. Nf3 Nf6 3. c4 e6 4. Nc3 c6 5. cxd5 exd5 6. Bg5 Bd6 7. e3 Nbd7 8.
Bd3 Nf8 9. Ne5 Qb6 10. Rb1 Bxe5 11. dxe5 Ng4 12. Bf4 Ng6 13. Bxg6 hxg6 14. b4
Bf5 15. Rb2 g5 16. Bg3 Rd8 17. Qd4 Qxd4 18. exd4 Rc8 19. Kd2 Be6 1/2-1/2

[Event "Bayamo"]
[Site "Bayamo"]
[Date "1985.??.??"]
[Round "5"]
[White "Garcia Martinez, Silvino"]
[Black "Hernandez Onna, Roman"]
[Result "1/2-1/2"]
[WhiteElo "2430"]
[BlackElo "2440"]
[PlyCount "30"]
[EventDate "1985.??.??"]
[EventType "tourn"]
[EventRounds "11"]
[EventCountry "CUB"]
[EventCategory "7"]
[SourceTitle "MCL"]
[Source "ChessBase"]
[SourceDate "1999.07.01"]

1. d4 d5 2. c4 c6 3. cxd5 cxd5 4. Nc3 Nc6 5. Nf3 Nf6 6. Bf4 e6 7. e3 Bd6 8.
Bxd6 Qxd6 9. Bd3 O-O 10. O-O Bd7 11. Rc1 Rfc8 12. a3 h6 13. Ne2 Ne7 14. Rxc8+
Rxc8 15. Qb1 Kf8 1/2-1/2

[Event "Bayamo"]
[Site "Bayamo"]
[Date "1985.??.??"]
[Round "9"]
[White "Vaisser, Anatoli"]
[Black "Hernandez Onna, Roman"]
[Result "1/2-1/2"]
[WhiteElo "2490"]
[BlackElo "2440"]
[PlyCount "23"]
[EventDate "1985.??.??"]
[EventType "tourn"]
[EventRounds "11"]
[EventCountry "CUB"]
[EventCategory "7"]
[SourceTitle "MCL"]
[Source "ChessBase"]
[SourceDate "1999.07.01"]

1. d4 Nf6 2. c4 e6 3. Nc3 Bb4 4. e3 O-O 5. a3 Bxc3+ 6. bxc3 b6 7. Bd3 Bb7 8. f3
Nh5 9. Nh3 Qh4+ 10. Nf2 f5 11. Qe2 d6 12. g3 1/2-1/2

[Event "Havana-B"]
[Site "Havana"]
[Date "1985.??.??"]
[Round "1"]
[White "Hernandez Onna, Roman"]
[Black "Frey Beckman, Kenneth"]
[Result "1/2-1/2"]
[WhiteElo "2440"]
[BlackElo "2410"]
[PlyCount "30"]
[EventDate "1985.05.??"]
[EventType "tourn"]
[EventRounds "13"]
[EventCountry "CUB"]
[EventCategory "8"]
[SourceTitle "MCD"]
[Source "ChessBase"]
[SourceDate "1999.07.01"]

1. d4 d5 2. Nf3 Nf6 3. c4 e6 4. Nc3 c6 5. cxd5 exd5 6. Bg5 Be7 7. Qc2 g6 8. e3
Bf5 9. Bd3 Bxd3 10. Qxd3 Nbd7 11. O-O O-O 12. Qc2 Re8 13. a3 Ne4 14. Bxe7 Qxe7
15. Nxe4 dxe4 1/2-1/2

[Event "Havana-B"]
[Site "Havana"]
[Date "1985.??.??"]
[Round "2"]
[White "Garcia Martinez, Silvino"]
[Black "Hernandez Onna, Roman"]
[Result "1/2-1/2"]
[WhiteElo "2430"]
[BlackElo "2440"]
[PlyCount "63"]
[EventDate "1985.05.??"]
[EventType "tourn"]
[EventRounds "13"]
[EventCountry "CUB"]
[EventCategory "8"]
[SourceTitle "MCD"]
[Source "ChessBase"]
[SourceDate "1999.07.01"]

1. d4 Nf6 2. Nf3 e6 3. g3 c5 4. Bg2 d5 5. O-O Nc6 6. c4 Be7 7. cxd5 Nxd5 8.
dxc5 Bxc5 9. Qc2 Qb6 10. a3 Nd4 11. Nxd4 Bxd4 12. e3 Bf6 13. Rd1 Bd7 14. e4 Qc7
15. Qd3 Nb6 16. Bf4 Be5 17. Bxe5 Qxe5 18. Nc3 O-O 19. a4 Bc6 20. a5 Nd7 21. a6
Nb6 22. axb7 Bxb7 23. Qd4 Qxd4 24. Rxd4 Bc6 25. Ra5 Rfc8 26. Bf1 Kf8 27. f3 Ke7
28. Kf2 Rd8 29. Rxd8 Kxd8 30. Ke3 Bd7 31. Kd4 Nc8 32. Bc4 1/2-1/2

[Event "Havana-B"]
[Site "Havana"]
[Date "1985.??.??"]
[Round "3"]
[White "Hernandez Onna, Roman"]
[Black "Diaz, Joaquin Carlos"]
[Result "1-0"]
[WhiteElo "2440"]
[BlackElo "2410"]
[PlyCount "45"]
[EventDate "1985.05.??"]
[EventType "tourn"]
[EventRounds "13"]
[EventCountry "CUB"]
[EventCategory "8"]
[SourceTitle "MCD"]
[Source "ChessBase"]
[SourceDate "1999.07.01"]

1. d4 d5 2. Nf3 e6 3. c4 Nf6 4. Nc3 Be7 5. Bg5 h6 6. Bxf6 Bxf6 7. e4 dxe4 8.
Nxe4 O-O 9. Qd2 b6 10. O-O-O Bb7 11. Qe3 Nd7 12. h4 c5 13. d5 exd5 14. cxd5 Re8
15. Bb5 Be5 16. Rhe1 a6 17. Bc6 Qc7 18. Nxe5 Rxe5 19. Qf4 Bxc6 20. dxc6 Nb8 21.
Rd6 Re6 22. Nf6+ gxf6 23. Qg3+ 1-0

[Event "Havana-B"]
[Site "Havana"]
[Date "1985.??.??"]
[Round "5"]
[White "Hernandez Onna, Roman"]
[Black "Vaisser, Anatoli"]
[Result "1/2-1/2"]
[WhiteElo "2440"]
[BlackElo "2490"]
[PlyCount "82"]
[EventDate "1985.05.??"]
[EventType "tourn"]
[EventRounds "13"]
[EventCountry "CUB"]
[EventCategory "8"]
[SourceTitle "MCD"]
[Source "ChessBase"]
[SourceDate "1999.07.01"]

1. c4 e5 2. Nc3 Nf6 3. Nf3 Nc6 4. d4 exd4 5. Nxd4 Bb4 6. Bg5 h6 7. Bh4 Ne5 8.
Qb3 Bxc3+ 9. Qxc3 Ng6 10. Nf5 Nxh4 11. Nxg7+ Ke7 12. Nh5 Ke6 13. Qh3+ Ke5 14.
f4+ Kd6 15. Qxh4 Nxh5 16. O-O-O+ Ke6 17. Qh3+ Ke7 18. Qxh5 Kf8 19. e4 Qf6 20.
g3 d6 21. Be2 Be6 22. Rhf1 a6 23. Kb1 b6 24. g4 a5 25. h4 Re8 26. a3 Bc8 27.
Bd3 Qg7 28. Rg1 Bb7 29. Rge1 Bc8 30. Rg1 Bb7 31. Rge1 Bc8 32. f5 f6 33. Rg1 Bd7
34. Qg6 Qxg6 35. fxg6 Kg7 36. Rdf1 Rhf8 37. h5 Re5 38. Rf4 Be6 39. Rgf1 a4 40.
Be2 Rc5 41. Rc1 b5 1/2-1/2

[Event "Havana-B"]
[Site "Havana"]
[Date "1985.??.??"]
[Round "6"]
[White "Garcia Palermo, Carlos H"]
[Black "Hernandez Onna, Roman"]
[Result "1/2-1/2"]
[WhiteElo "2520"]
[BlackElo "2440"]
[PlyCount "31"]
[EventDate "1985.05.??"]
[EventType "tourn"]
[EventRounds "13"]
[EventCountry "CUB"]
[EventCategory "8"]
[SourceTitle "MCD"]
[Source "ChessBase"]
[SourceDate "1999.07.01"]

1. d4 Nf6 2. c4 e6 3. Nc3 Bb4 4. e3 c5 5. Bd3 Nc6 6. Nf3 Bxc3+ 7. bxc3 d6 8.
Nd2 e5 9. d5 Ne7 10. Qc2 O-O 11. Rb1 g6 12. h3 Nh5 13. g4 Ng7 14. f4 f5 15. g5
h5 16. O-O 1/2-1/2

[Event "Havana-B"]
[Site "Havana"]
[Date "1985.??.??"]
[Round "9"]
[White "Ortega, Lexy"]
[Black "Hernandez Onna, Roman"]
[Result "1/2-1/2"]
[WhiteElo "2385"]
[BlackElo "2440"]
[PlyCount "87"]
[EventDate "1985.05.??"]
[EventType "tourn"]
[EventRounds "13"]
[EventCountry "CUB"]
[EventCategory "8"]
[SourceTitle "MCD"]
[Source "ChessBase"]
[SourceDate "1999.07.01"]

1. Nf3 c5 2. c4 g6 3. d4 cxd4 4. Nxd4 Bg7 5. e4 Nc6 6. Be3 Nf6 7. Nc3 Ng4 8.
Qxg4 Nxd4 9. Qd1 Ne6 10. Qd2 d6 11. Bd3 Bd7 12. Rc1 O-O 13. b4 a5 14. a3 Nd4
15. Bc2 Nxc2+ 16. Rxc2 axb4 17. axb4 b5 18. O-O bxc4 19. Bd4 e5 20. Be3 Be6 21.
Rd1 Qb8 22. b5 Rd8 23. Ra2 d5 24. exd5 Bf5 25. b6 Bd3 26. Rda1 Rxa2 27. Rxa2 e4
28. Ra7 Be5 29. b7 Bxh2+ 30. Kh1 Be5 31. Ra8 Qd6 32. Bf4 Rb8 33. Nb5 Qxd5 34.
Bxe5 Qxe5 35. Qh6 f5 36. g3 e3 37. Qxe3 Qd5+ 38. Kg1 Rxa8 39. bxa8=Q+ Qxa8 40.
Qe6+ Kg7 41. Qe7+ Kg8 42. Qe6+ Kg7 43. Qe7+ Kg8 44. Qe6+ 1/2-1/2

[Event "Havana-B"]
[Site "Havana"]
[Date "1985.??.??"]
[Round "11"]
[White "Barreras, Alberto"]
[Black "Hernandez Onna, Roman"]
[Result "1/2-1/2"]
[WhiteElo "2370"]
[BlackElo "2440"]
[PlyCount "23"]
[EventDate "1985.05.??"]
[EventType "tourn"]
[EventRounds "13"]
[EventCountry "CUB"]
[EventCategory "8"]
[SourceTitle "MCD"]
[Source "ChessBase"]
[SourceDate "1999.07.01"]

1. g3 g6 2. Bg2 Bg7 3. f4 d6 4. Nf3 e5 5. fxe5 dxe5 6. e4 Ne7 7. d3 O-O 8. O-O
Nbc6 9. Nc3 Nd4 10. Be3 Bg4 11. Qd2 Qd7 12. Rf2 1/2-1/2